harry styles all songs - Statistics

General Stats
  • This quiz has been taken 1,533 times
  • The average score is 9 of 10
Answer Stats
Answer % Correct
sign of the times
95%
kiwi
94%
meet me in the hallway
88%
sweet creature
88%
carolina
87%
two ghosts
86%
from the dining table
85%
ever since new york
83%
only angel
83%
woman
83%
No matching quizzes found
Score Distribution
Percent of People with Each Score
Percentile by Number Answered
Your Score History
You have not taken this quiz